| 000 | 00707nam a2200193 i 4500 | ||
|---|---|---|---|
| 001 | 165605 | ||
| 003 | ES-MaACL | ||
| 005 | 20230906213155.0 | ||
| 008 | 990526s1860 sp |||| | spa d | ||
| 080 | _a811.92'36 | ||
| 100 | 1 |
_aSotos Ochando, Bonifacio. _9107547 |
|
| 245 | 1 | 0 |
_aGramática de lengua universal / _csu autor el Dr. Bonifacio Sotos Ochando. |
| 260 |
_aMadrid : _b[s.n.], _c1860. |
||
| 300 |
_a8, 16 p. ; _c21 cm. |
||
| 505 | 8 | _aContiene: Apéndice sobre nomenclaturas científicas | |
| 650 | 4 |
_aLenguas artificiales. _9136381 |
|
| 852 | 4 |
_aES-MaACL _jT-81-F-16 _z- Enc. hol. _z- Enc. en un vol. facticio |
|
| 852 | 4 |
_aES-MaACL _jT-700-F-7 _z- Enc. hol. _z- Enc. en un vol. facticio |
|
| 999 |
_c165605 _d165605 |
||